| 000 -CABECERA |
| campo de control de longitud fija |
01386nam a2200361 a 4500 |
| 001 - NÚMERO DE CONTROL |
| campo de control |
000080833 |
| 005 - FECHA Y HORA DE LA ÚLTIMA TRANSACCIÓN |
| campo de control |
20200120224400.0 |
| 008 - DATOS DE LONGITUD FIJA--INFORMACIÓN GENERAL |
| campo de control de longitud fija |
161101s2014 ck o|||g||||| 001 ||spa d |
| 040 ## - FUENTE DE LA CATALOGACIÓN |
| Centro catalogador/agencia de origen |
9789587750324 |
| 041 0# - CÓDIGO DE LENGUA |
| Código de lengua del texto/banda sonora o título independiente |
*+spa |
| 043 ## - CÓDIGO DE ÁREA GEOGRÁFICA |
| Código de área geográfica |
s-ck--- |
| 082 04 - NÚMERO DE LA CLASIFICACIÓN DECIMAL DEWEY |
| Número de clasificación |
634 |
| Número de documento/Ítem |
D41 |
| Número de edición |
21 |
| 245 10 - MENCIÓN DE TÍTULO |
| Título |
Diagnóstico fitosanitario en trece renglones productivos frutícolas del Departamento del Valle del Cauca. / |
| Mención de responsabilidad, etc. |
Edgar I. Estrada ... [et al.]. |
| 250 ## - MENCIÓN DE EDICIÓN |
| Mención de edición |
1a ed. |
| 260 ## - PUBLICACIÓN, DISTRIBUCIÓN, ETC. |
| Lugar de publicación, distribución, etc. |
Bogotá : |
| Nombre del editor, distribuidor, etc. |
Universidad Nacional de Colombia. Facultad de Ciencias Agropecuarias, |
| Fecha de publicación, distribución, etc. |
2014. |
| 300 ## - DESCRIPCIÓN FÍSICA |
| Extensión |
43 páginas; : |
| Otras características físicas |
fotografías. |
| 500 ## - NOTA GENERAL |
| Nota general |
Incluye índice |
| 650 14 - PUNTO DE ACCESO ADICIONAL DE MATERIA--TÉRMINO DE MATERIA |
| Término de materia o nombre geográfico como elemento de entrada |
Fruticultura |
| Subdivisión geográfica |
Valle del Cauca (Colombia) |
| 650 24 - PUNTO DE ACCESO ADICIONAL DE MATERIA--TÉRMINO DE MATERIA |
| Término de materia o nombre geográfico como elemento de entrada |
Frutas |
| Subdivisión general |
Enfermedades y plagas |
| Subdivisión geográfica |
Valle del Cauca (Colombia) |
| 650 24 - PUNTO DE ACCESO ADICIONAL DE MATERIA--TÉRMINO DE MATERIA |
| Término de materia o nombre geográfico como elemento de entrada |
Frutas |
| Subdivisión general |
Enfermedades y plagas |
| Subdivisión de forma |
Diagnóstico |
| 700 1# - PUNTO DE ACCESO ADICIONAL--NOMBRE DE PERSONA |
| Nombre de persona |
Gómez L., Eyder Daniel |
| Término indicativo de función/relación |
editor |
| -- |
fotográfo |
| 700 1# - PUNTO DE ACCESO ADICIONAL--NOMBRE DE PERSONA |
| Nombre de persona |
Estrada, Edgar Iván |
| Término indicativo de función/relación |
editor |
| 700 1# - PUNTO DE ACCESO ADICIONAL--NOMBRE DE PERSONA |
| Nombre de persona |
Mesa, Nora Cristina |
| Término indicativo de función/relación |
editora |
| 700 1# - PUNTO DE ACCESO ADICIONAL--NOMBRE DE PERSONA |
| Nombre de persona |
Huertas, Carlos |
| Término indicativo de función/relación |
editor |
| 700 1# - PUNTO DE ACCESO ADICIONAL--NOMBRE DE PERSONA |
| Nombre de persona |
Salazar, Javier |
| Término indicativo de función/relación |
editor |
| -- |
fotográfo |
| 700 1# - PUNTO DE ACCESO ADICIONAL--NOMBRE DE PERSONA |
| Nombre de persona |
Imbachi Karol |
| Término indicativo de función/relación |
fotográfo |
| -- |
editor |
| 700 1# - PUNTO DE ACCESO ADICIONAL--NOMBRE DE PERSONA |
| Nombre de persona |
Mena, Yuri Mercedes |
| Término indicativo de función/relación |
editor |
| 700 1# - PUNTO DE ACCESO ADICIONAL--NOMBRE DE PERSONA |
| Nombre de persona |
Magali Cobo, Gloria |
| Término indicativo de función/relación |
fotográfo |
| 700 1# - PUNTO DE ACCESO ADICIONAL--NOMBRE DE PERSONA |
| Nombre de persona |
Figueroa, Alberto |
| Término indicativo de función/relación |
fotográfo |
| 700 1# - PUNTO DE ACCESO ADICIONAL--NOMBRE DE PERSONA |
| Nombre de persona |
Benítez, Sebastián |
| Término indicativo de función/relación |
fotográfo |
| 700 1# - PUNTO DE ACCESO ADICIONAL--NOMBRE DE PERSONA |
| Nombre de persona |
Sánchez, Eduind Y |
| Término indicativo de función/relación |
fotográfo |
| 700 1# - PUNTO DE ACCESO ADICIONAL--NOMBRE DE PERSONA |
| Nombre de persona |
López, Rodrigo |
| Término indicativo de función/relación |
fotográfo |